000 00326nam a2200133Ia 4500
008 191201s2009 xx 000 0 und d
082 _a658.049
_bSOM
100 _aSOLOMON, Charlene M
245 0 _aManaging Across cultures the seva...
260 _aN. delhi
_bT M C
_c2009
300 _a348
650 _aMBA
942 _2ddc
_cBK
999 _c5171
_d5171